00619nam a22002057a 4500001001000000003000500010005001700015008004100032010001000073011001000083035001100093040000900104082001700113100003100130245009500161260007600256300003000332650001800362700003300380000101903CHAP20220329143539.0100511s1997 mx a r 00010 spa d a98366 a99338 a110024 cCHAP a574.192bG1300aGaleana de la Cruz, Mario.10aIntroducción a la bioquímica /c/por Mario Galeana de la Cruz y Luz Ma. Rangel Olvera. aChapingo, Méx. :bUACH. Departamento de Preparatoria Agricola,c1997. a164 p. :bilus., cuadros.14aBioquímica. aRangel Nasaile, Luz María.